Dendara, le pronaos du temple d'Hathor : analyse de la décoration /

محفوظ في:

المؤلف الرئيسي: Cauville, Sylvie (مؤلف)

مؤلفون آخرون: Lecler, Alain.

التنسيق: كتاب

اللغة: French

منشور في: Leuven : Uitgeverij Peeters, 2013.

سلاسل: Orientalia Lovaniensia Analecta ; 221.
OLA ; 221.

الموضوعات:

الوسوم: إضافة وسم

لا توجد وسوم, كن أول من يضع وسما على هذه التسجيلة!

رقم الطلب: DS1 .O7 v.221

LEADER 01093namaa2200325 4500
001 23654
003 OSt
005 20250325094156.0
008 130303s2013 be a g b 001 0 fre d
020 |a 9789042927308 
040 |c ARCE Library 
043 |a f-ua---  
050 4 |a DS1 .O7 v.221 
100 1 |a Cauville, Sylvie,  |e author  |9 27833 
245 1 0 |a Dendara, le pronaos du temple d'Hathor :  |b analyse de la décoration /  |c par Sylvie Cauville ; photographies Alain Lecler. 
264 1 |a Leuven :  |b Uitgeverij Peeters,  |c 2013. 
300 |a xxiv, 908 pages :  |b illustrations ;  |c 25 cm.  
490 1 |a Orientalia Lovaniensia Analecta ;   |v 221. 
490 1 |a OLA ;   |v 221. 
504 |a Includes bibliographical references and indexes. 
600 0 0 |a Hathor  |c (Egyptian deity)  |x Cult. 
610 2 0 |a Temple of Hathor (Dandara, Egypt)  
650 0 |a Inscriptions, Egyptian. 
651 0 |a Dandara (Egypt)  |x Antiquities. 
700 1 |a Lecler, Alain.  |9 34568 
830 0 |a Orientalia Lovaniensia Analecta ;   |v 221. 
830 0 |a OLA ;   |v 221. 
901 |a reviewed 
942 |c BK  |2 lcc 
999 |c 23696  |d 23696